Loading...
Achi hindi kaise bole kaise likhen?. /
| Format: | Printed Book |
|---|---|
| Language: | Hindi |
| Published: |
New Delhi :
Lipi prakashan,
1980.
|
| LEADER | 00425nam a2200121Ia 4500 | ||
|---|---|---|---|
| 008 | 150624b xxu||||| |||| 00| 0 hin d | ||
| 082 | |a 461 | ||
| 245 | |a Achi hindi kaise bole kaise likhen?. / |c Bholanath tiwari | ||
| 260 | |c 1980. |a New Delhi : |b Lipi prakashan, | ||
| 300 | |a 199p.; | ||
| 942 | |c BK |n 1 | ||
| 999 | |c 63278 |d 63278 | ||
| 952 | |0 0 |1 0 |2 ddc |4 0 |6 461_000000000000000_TIW_A_H |7 0 |9 63255 |a UL |b UL |d 2012-10-27 |l 0 |o 461 TIW/A H |p G2207 |r 2012-10-27 |y BK | ||